عرض عادي
عرض مارك
- الثبيتي، عابدين عبد الله بن معيوض،
مدخل إسم شخص
001 - رقم الضبط
- حقل الضبط: 62019
003 - معرف رقم الضبط
- حقل الضبط: OSt
005 - تاريخ ووقت أخر عملية
- حقل الضبط: 20180414133004.0
008 - عناصر بيانات ثابتة الطول
- حقل تحكم ثابت الطول: 180414|| aca||aabn | a|a d
040 ## - مصدر الفهرسة
- هيئة الفهرسة الأصلية: OSt
- وكالة الكتابة: OSt
100 ## - مدخل -- أسم شخص
- إسم شخص: الثبيتي، عابدين عبد الله بن معيوض،
- مصطلح الرابط: محقق.
670 ## - بيانات المصدر موجوده
- الاستشهاد بالمصدر: Work cat.: (OSt): السفاريني، محمد بن أحمد بن سالم، 1114-1188 هـ. 3059, غذاء الألباب لشرح منظومة الآداب :, 2017
